Basic electrical engineering / (Record no. 168007)

MARC details
000 -LEADER
fixed length control field 00672nam a22002057a 4500
005 - DATE AND TIME OF LATEST TRANSACTION
control field 20190925103641.0
010 ## - LCCN (DPL NO)
LC control number ENG-126534
020 ## - INTERNATIONAL STANDARD BOOK NUMBER
Terms of availability 375.00
International Standard Book Number 9789353162689
035 ## - SYSTEM CONTROL NUMBER
System control number EN-110066
037 ## - SOURCE OF ACQUISITION
Source of stock number/acquisition DBAD/PUB
082 ## - DEWEY DECIMAL CLASSIFICATION NUMBER
Classification number 621.3
100 ## - MAIN ENTRY--PERSONAL NAME
Personal name Salivahanan, S.
245 ## - TITLE STATEMENT
Title Basic electrical engineering /
Statement of responsibility, etc By S. Salivahanan ...[et.,all]
260 ## - PUBLICATION, DISTRIBUTION, ETC. (IMPRINT)
Place of publication, distribution, etc Chennai
Name of publisher, distributor, etc McGraw Hill Education
Date of publication, distribution, etc 2019
270 ## - ADDRESS
City Chennai
Address 444/1, Sri Ekambara Naicker Industrial Estate, Alapakkam Porur
Postal code 600116
Electronic mail address info.india@mheducation.com
300 ## - PHYSICAL DESCRIPTION
Extent 327p.
Dimensions 24cm,(pbk)
700 ## - ADDED ENTRY--PERSONAL NAME
Personal name Rengaraj, R.
700 ## - ADDED ENTRY--PERSONAL NAME
Personal name Venkatakrishnan , G. R.
942 ## - ADDED ENTRY ELEMENTS (KOHA)
Source of classification or shelving scheme Dewey Decimal Classification
Item type English Books
Classification part 621.3
Call number suffix SAL
Holdings
Withdrawn status Lost status Not for loan Collection code Home library Current library Date acquired Source of acquisition Cost, normal purchase price Full call number Barcode Copy number Cost, replacement price Koha item type
      Non-fiction Sarojini Nagar Sarojini Nagar 25/09/2019 DBAD/PUB 375.00 621.3 SAL EN-110066 1 375.00 English Books

© Delhi Public Library
Hit Counter
free hit counter